Martín Fierro
Zapisane w:
| 1. autor: | |
|---|---|
| Kolejni autorzy: | , |
| Format: | Książka |
| Język: | Spanish |
| Wydane: |
Madrid:
ALLCA,
2001
|
| Wydanie: | 1. edición |
| Seria: | Colección archivos;
números 51 |
| Hasła przedmiotowe: | |
| Etykiety: |
Dodaj etykietę
Nie ma etykietki, Dołącz pierwszą etykiete!
|
MARC
| LEADER | 00000nam a2200000 b 4500 | ||
|---|---|---|---|
| 001 | Mimo0001797940 | ||
| 005 | 20150213064540.0 | ||
| 008 | 020724s2001 s | ||| ||spa | ||
| 020 | |a 848966658X | ||
| 040 | |a SpMaBN |b spa |c SpMaBN | ||
| 082 | |2 Ar861.2 H557m | ||
| 100 | 1 | |a Hernández, José |d 1834-1886 | |
| 245 | 1 | 0 | |a Martín Fierro |h [Texto impreso] |c José Hernández ; edición crítica, Élida Lois, Ángel Núñez, coordinadores |
| 250 | |a 1. edición | ||
| 260 | |a Madrid: |b ALLCA, |c 2001 |e Impreso en España | ||
| 300 | |a cvi, 1429 páginas: |b 1 retrato | ||
| 490 | 1 | |a Colección archivos; |v números 51 | |
| 504 | |a Bibliografía: páginas 1172-1421 | ||
| 600 | 1 | 7 | |a HERNANDEZ, JOSE |d 1834-1886 |t Martín Fierro |2 embne |
| 650 | 1 | 4 | |a LITERATURA ARGENTINA |v POESIA |
| 700 | 1 | |a Lois, Élida | |
| 700 | 1 | |a Núñez, Ángel |d 1939- | |
| 942 | |2 ddc |c BK | ||
| 956 | |a 1 2 | ||
| 999 | |c 3885 |d 3885 | ||



